| 000 | 00692nam a2200229 4500 | ||
|---|---|---|---|
| 003 | MX-MxINE | ||
| 005 | 20260601193909.0 | ||
| 008 | 260520b2013 xxua|||| |||| 00| 0 eng d | ||
| 040 |
_aICI _bspa _cICI _erda |
||
| 041 | _aeng | ||
| 050 |
_aZ687 _bS54 |
||
| 100 | _eautor | ||
| 245 |
_a Our annual shelving sale: _b25% off ! 25% off elfa installation too! / |
||
| 264 |
_aEstados Unidos: _bThe container store , _c2013 |
||
| 300 |
_a43 páginas: _bilustraciones |
||
| 336 |
_2rdacontent _atexto |
||
| 337 |
_2rdamedia _asin medio |
||
| 338 |
_2rdacarrier _avolumen |
||
| 650 |
_aEstanterías para bibliotecas. _934754 |
||
| 650 |
_aOrganización de colecciones _934755 |
||
| 942 |
_2lcc _n1 _cB |
||
| 999 |
_c22487 _d22487 |
||